| 000 | 00429nam a2200157Ia 4500 | ||
|---|---|---|---|
| 003 | OSt | ||
| 005 | 20200617110212.0 | ||
| 008 | 190216s9999||||xx |||||||||||||| ||und|| | ||
| 040 | _coclc | ||
| 082 |
_a954 _bCHA/H |
||
| 100 |
_aChaurasia, R S _93004 |
||
| 245 | 0 |
_aHistory Of India / _cR S Chaurasia |
|
| 260 |
_bKing`S Books, _c1999. _aDelhi: |
||
| 300 | _a248p | ||
| 942 |
_cBK _2ddc _h954 _iCHA/H _k954 _mCHA/H |
||
| 999 |
_c20694 _d20694 |
||